Kemiskinan & ancaman pencemaran

Bibliographic Details
Main Author: Irfan Hakimi b. Sahazwan
Format: Book
Published: Selangor : Edu Quest Publisher , 2006
Series:Koleksi bacaan sosial
Subjects:

MARC

LEADER 00000cam a2200000 7i4500
001 0000004829
005 20120103.0
008 070731
020 |a 9833390145 
090 0 0 |a 362.5   |b IRF 
100 0 |a Irfan Hakimi b. Sahazwan 
245 1 0 |a Kemiskinan & ancaman pencemaran   |c Irfan Hakimi b. Sahazwan 
260 |a Selangor :   |b Edu Quest Publisher ,   |c 2006 
440 |a Koleksi bacaan sosial 
650 0 |a Pollution   |x Juvenile literature 
650 0 |a Poverty   |x Juvenile literature 
999 |a 0000976733   |b Book   |c Adult Collection   |e Perbadanan Perpustakaan Awam Johor 
999 |a 0000976734   |b Book   |c Adult Collection   |e Cawangan Batu Pahat 
999 |a 0000976735   |b Book   |c Adult Collection   |e Perbadanan Perpustakaan Awam Johor 
999 |a 0000976736   |b Book   |c Adult Collection   |e Cawangan Batu Pahat 
999 |a 0001150379   |b Book   |c Adult Collection   |e Cawangan Tmn. Ungku Tun Aminah 
999 |a 0001150380   |b Book   |c Adult Collection   |e Cawangan Bandar Penawar 
999 |a 0001150382   |b Book   |c Adult Collection   |e Cawangan Tangkak